ARRUPE JESUIT UNIVERSITY

CORONAVIRUS -STOP THE SPREAD - CLEAN,DISINFECT,COVER

The Gospel of John : (Record no. 122071)

MARC details
000 -LEADER
fixed length control field 00922cam a22003014a 4500
001 - CONTROL NUMBER
control field 4888495
003 - CONTROL NUMBER IDENTIFIER
control field ARRUPE
005 - DATE AND TIME OF LATEST TRANSACTION
control field 20150217130648.0
008 - FIXED-LENGTH DATA ELEMENTS--GENERAL INFORMATION
fixed length control field 040308s2003 mau b 001 0 eng
010 ## - LIBRARY OF CONGRESS CONTROL NUMBER
LC control number 2003016153
020 ## - INTERNATIONAL STANDARD BOOK NUMBER
International Standard Book Number 1565633784 (hardcover : alk. paper)
035 ## - SYSTEM CONTROL NUMBER
System control number (OCoLC)52750146
035 ## - SYSTEM CONTROL NUMBER
System control number (OCoLC)ocm52750146
035 ## - SYSTEM CONTROL NUMBER
System control number (DLC) 2003016153
035 ## - SYSTEM CONTROL NUMBER
System control number (NNC)4888495
040 ## - CATALOGING SOURCE
Original cataloging agency DLC
Transcribing agency DLC
Modifying agency DLC
042 ## - AUTHENTICATION CODE
Authentication code pcc
050 00 - LIBRARY OF CONGRESS CALL NUMBER
Classification number BS2615.53
Item number .K44 2003
082 00 - DEWEY DECIMAL CLASSIFICATION NUMBER
Classification number 226.5/07
Edition number 22
300 ## - PHYSICAL DESCRIPTION
Dimensions 25 cm.
100 1# - MAIN ENTRY--PERSONAL NAME
Personal name Keener, Craig S.,
Dates associated with a name 1960-
9 (RLIN) 11512
245 14 - TITLE STATEMENT
Title The Gospel of John :
Remainder of title a commentary /
Statement of responsibility, etc Craig S. Keener.
260 ## - PUBLICATION, DISTRIBUTION, ETC. (IMPRINT)
Place of publication, distribution, etc Peabody, Mass. :
Name of publisher, distributor, etc Hendrickson Publishers,
Date of publication, distribution, etc c2003.
300 ## - PHYSICAL DESCRIPTION
Extent 2 v. (xlviii, 1636 p.) ;
504 ## - BIBLIOGRAPHY, ETC. NOTE
Bibliography, etc Includes bibliographical references (p. 1243-1409) and indexes.
630 00 - SUBJECT ADDED ENTRY--UNIFORM TITLE
Uniform title Bible.
Name of part/section of a work John
Form subdivision Commentaries.
9 (RLIN) 11790
942 ## - ADDED ENTRY ELEMENTS (KOHA)
Source of classification or shelving scheme Library of Congress Classification
Koha item type Monograph ( Printed materials)
Holdings
Withdrawn status Lost status Source of classification or shelving scheme Damaged status Not for loan Collection code Home library Current library Shelving location Date acquired Total Checkouts Full call number Barcode Date last seen Price effective from Koha item type
    Library of Congress Classification     Main Collection ARRUPE LIBRARY ARRUPE LIBRARY Main Collection 17/02/2015   BS2615.53 .K44 2003 vol. 1 46500002932 01/08/2016 17/02/2015 Monograph ( Printed materials)
    Library of Congress Classification     Main Collection ARRUPE LIBRARY ARRUPE LIBRARY Main Collection 17/02/2015   BS2615.53 .K44 2003 vol. 2 46500002901 01/08/2016 17/02/2015 Monograph ( Printed materials)

 

Arrupe Library. PO Box MP320 Mt Pleasant, Harare, Zimbabwe
263 242 745411|librarian@aju.ac.zw